|
|
|
|
| LEADER |
00000nam a2200000 a 4500 |
| 001 |
vtls009337400 |
| 003 |
SK-MaSNL |
| 005 |
20260331205356.0 |
| 008 |
251029s2007 xo dl d 000 0 slo |
| 015 |
|
|
|a SNBA2008/10-04752
|
| 020 |
|
|
|a 9788089281039 (brož.)
|
| 035 |
|
|
|a 1604A0DE-B930-4D34-BB01-958617300FA1
|
| 035 |
|
|
|a urn:nbn:sk:snk-aml6dv
|
| 035 |
|
|
|a urn:nbn:sk:snk-am008upk
|
| 040 |
|
|
|a SNK
|b slo
|c SNK
|e AACR2
|
| 041 |
0 |
|
|a slo
|a cze
|
| 044 |
|
|
|a xo
|c SK
|
| 072 |
|
7 |
|a 502
|x Životné prostredie a jeho ochrana
|2 konspekt
|
| 080 |
|
|
|a 502.13
|2 2001
|
| 080 |
|
|
|a (048.8)
|2 201
|
| 080 |
|
|
|a 005.6
|2 2001
|
| 100 |
1 |
|
|a Rusko, Miroslav,
|d 1953-2025
|4 edt
|9 258475
|
| 245 |
1 |
0 |
|a Environmentálne manažérstvo
|c Miroslav Rusko, Milan Piatrik, Jana Kotovicová
|
| 250 |
|
|
|a 2. vyd.
|
| 260 |
|
|
|a Žilina
|b STRIX
|c 2007
|
| 300 |
|
|
|a 175 s.
|b grafy, sch., tab.
|c 21 cm
|
| 366 |
|
|
|e 450 výt.
|
| 490 |
1 |
|
|a Environmentálne vedy
|v 1
|
| 504 |
|
|
|a Bibliogr. odkazy. Pozn. Zoz. skrat.
|
| 546 |
|
|
|a Čiast. text čes.
|
| 650 |
0 |
7 |
|a environmentálny manažment
|2 SNKPH
|9 3638
|
| 650 |
0 |
7 |
|a manažment kvality
|2 SNKPH
|9 932
|
| 655 |
|
7 |
|a štúdie
|2 SNKPH
|9 57033
|
| 700 |
1 |
|
|a Piatrik, Milan,
|d 1943-2017
|4 aut
|9 215091
|
| 700 |
1 |
|
|a Kotovicová, Jana,
|d 1955-
|4 aut
|9 117126
|
| 830 |
|
0 |
|a Environmentálne vedy
|9 319640
|
| 919 |
|
|
|a 978-80-89281-03-9
|
| 958 |
|
|
|a NB
|
| 958 |
|
|
|a OND
|
| 968 |
|
|
|d 50
|
| 999 |
|
|
|c 696641
|d 698571
|
| 952 |
|
|
|a SNK
|b SNK
|y PREZ
|7 0
|p 17A0599173
|o snkSC 133033
|i snk2008/17457
|8 0
|0 0
|1 0
|4 0
|d 2008-09-23
|f 1
|l 0
|r 2025-06-24 00:00:00
|w 2026-02-23
|
| 952 |
|
|
|a SNK
|b SNK
|y VYP
|7 0
|p 17A0599174
|o snkSC 133033 D1
|i snk2008/17458
|8 0
|0 0
|1 0
|4 0
|d 2008-09-23
|l 0
|r 2026-02-23 20:44:41
|w 2026-02-23
|